La escuela soviética y el amor al trabajo : (Registro nro. 4370)
[ vista simple ]
| 000 -LEADER | |
|---|---|
| fixed length control field | 01149nam a2200229Ia 4500 |
| 003 - CONTROL NUMBER IDENTIFIER | |
| control field | OSt |
| 005 - DATE AND TIME OF LATEST TRANSACTION | |
| control field | 20200827140145.0 |
| 008 - FIXED-LENGTH DATA ELEMENTS--GENERAL INFORMATION | |
| fixed length control field | 191128s1990 bw gr 000 0 spa d |
| 040 ## - CATALOGING SOURCE | |
| Original cataloging agency | Co-JMCR |
| Transcribing agency | Co-JMCR |
| 041 0# - LANGUAGE CODE | |
| Language code of text/sound track or separate title | spa |
| 082 04 - DEWEY DECIMAL CLASSIFICATION NUMBER | |
| Classification number | 370.947 / |
| Item number | S948e |
| Edition number | 23 |
| 100 1# - MAIN ENTRY--PERSONAL NAME | |
| Personal name | Sujomlinski, V. |
| Relator term | autor |
| 9 (RLIN) | 9365 |
| 245 13 - TITLE STATEMENT | |
| Title | La escuela soviética y el amor al trabajo : |
| Remainder of title | (experiencias de labor educativa en una escuela rural) / |
| Statement of responsibility, etc. | traducido del ruso por V. Sánchez Esteban |
| 260 ## - PUBLICATION, DISTRIBUTION, ETC. | |
| Place of publication, distribution, etc. | Moscú : |
| Name of publisher, distributor, etc. | Lenguas Extranjeras, |
| Date of publication, distribution, etc. | 1990. |
| 300 ## - PHYSICAL DESCRIPTION | |
| Extent | 366 páginas ; |
| Dimensions | 20 cm. |
| 505 0# - FORMATTED CONTENTS NOTE | |
| Formatted contents note | La educación laboral de la joven generación es la tarea mas importante de la escuela Soviética -- El influjo directo en la conciencia de los alumnos con el fin de inculcarles el amor el trabajo -- El trabajo intelectual de los escolares como medio de form |
| 520 0# - SUMMARY, ETC. | |
| Summary, etc. | El sistema laboral en la escuela sociética de enseñanza general entraña diversos elementos importantisimos o aspectos de la actividad laboral |
| 650 24 - SUBJECT ADDED ENTRY--TOPICAL TERM | |
| Topical term or geographic name entry element | Educación-- |
| Geographic subdivision | URSS |
| 9 (RLIN) | 9366 |
| 650 24 - SUBJECT ADDED ENTRY--TOPICAL TERM | |
| Topical term or geographic name entry element | Educación rural |
| Geographic subdivision | URSS |
| 9 (RLIN) | 9367 |
| 700 1# - ADDED ENTRY--PERSONAL NAME | |
| Personal name | Sánchez Esteban, V., |
| Relator term | traductor |
| 9 (RLIN) | 9368 |
| 942 ## - ADDED ENTRY ELEMENTS (KOHA) | |
| Source of classification or shelving scheme | Dewey Decimal Classification |
| Koha item type | Books |
| Withdrawn status | Lost status | Source of classification or shelving scheme | Materials specified (bound volume or other part) | Damaged status | Not for loan | Home library | Current library | Shelving location | Date acquired | Source of acquisition | Total Checkouts | Full call number | Barcode | Date last seen | Date last checked out | Copy number | Price effective from | Koha item type |
|---|---|---|---|---|---|---|---|---|---|---|---|---|---|---|---|---|---|---|
| Dewey Decimal Classification | Donación--15/10/2018-- | Biblioteca Pública José María del Castillo y Rada | Biblioteca Pública José María del Castillo y Rada | General Stacks | 11/28/2019 | Donación | 1 | 370.947 / S948e | 201809220 | 05/16/2024 | 12/06/2023 | Ej.1 | 11/28/2019 | Books |